| 000 | 00000nam 2200000za 4500 |
| 001 | 9.643927 |
| 003 | CaOODSP |
| 005 | 20240624082235 |
| 007 | cr ||||||||||| |
| 008 | 150407s1932 onc|||||o f|0| 0 fre d |
| 040 | |aCaOODSP|bfre |
| 043 | |an-cn--- |
| 086 | 1 |aCP32-150/1932F-PDF |
| 086 | 1 |aZ1-1931/2F-PDF |
| 245 | 00|aRapport de la Commission royale d'enquête sur les chemins de fer et les transpots au Canada, 1931-32 |h[ressource électronique] / |cLyman P, Duff, président ; [lord] Ashfield, J.W. Flavelle, Beaudry Leman, Leonor F. Loree, Walter C. Murray, et John Clarence Webster, [commissaires]. |
| 260 | |a[Ottawa : |bBureau du Conseil privé], |c1932. |
| 300 | |a112 p. : |bgraphiques, cartes. |
| 500 | |aPublication historique numérisée en 2012 par le Bureau du Conseil privé du Canada. |
| 590 | |a15-04-Supp|b2015-03-19 |
| 691 | 07|aCommission d'enquête|2gcpds |
| 691 | 07|aTransport|2gcpds |
| 691 | 07|aTransport ferroviaire|2gcpds |
| 710 | 1 |aCanada. |bBureau du Conseil privé. |
| 775 | 08|tReport of the Royal Commission to Inquire into Railways and Transportation in Canada, 1931-2 |w(CaOODSP)9.699971 |
| 856 | 40|ahttp://publications.gc.ca|qPDF|s7.12 Mo|uhttps://publications.gc.ca/collections/collection_2014/bcp-pco/CP32-150-1932-fra.pdf |